Normal view
MARC view
- Weidmann, Joachim
Entry Personal Name
001 - CONTROL NUMBER
- control field: 153713
003 - CONTROL NUMBER IDENTIFIER
- control field: TR-AnTOB
005 - DATE AND TIME OF LATEST TRANSACTION
- control field: 20260416114941.0
008 - FIXED-LENGTH DATA ELEMENTS
- fixed length control field: 870113n| acannaabn |a aaa
010 ## - LIBRARY OF CONGRESS CONTROL NUMBER
- LC control number: n 87802274
035 ## - SYSTEM CONTROL NUMBER
- System control number: (OCoLC)oca01741528
040 ## - CATALOGING SOURCE
- Original cataloging agency: DLC
- Language of cataloging: eng
- Transcribing agency: DLC
- Modifying agency: DLC
- Modifying agency: OCoLC
100 1# - HEADING--PERSONAL NAME
- Personal name: Weidmann, Joachim
400 1# - SEE FROM TRACING--PERSONAL NAME
- Personal name: Weidmann, J.
- Fuller form of name: (Joachim)
670 ## - SOURCE DATA FOUND
- Source citation: nuc86-74606: His Lineare Operatoren ... c1979
- Information found: (hdg. on CSt rept.: Weidmann, Joachim; usage: Joachim Weidmann)
670 ## - SOURCE DATA FOUND
- Source citation: LC data base, 1-13-87
- Information found: (hdg.: Weidmann, Joachim; usage: Joachim Weidmann; J. Weidmann)
670 ## - SOURCE DATA FOUND
- Source citation: His Spectral theory of ordinary differential operators, c1987:
- Information found: CIP t.p. (Joachim Weidmann) data sheet (b. 2/10/39)



